| 000 | nam a22 a 4500 | ||
|---|---|---|---|
| 999 |
_c3199 _d3199 |
||
| 003 | AKMAL | ||
| 005 | 20170519163058.0 | ||
| 008 | 170519s2001 my 00 may d | ||
| 020 |
_a967611197X (kkt.): _cRM20.00 |
||
| 082 | 0 | 4 |
_a658.302 CHE _221 |
| 090 | 0 | 0 |
_a658.302 _bCHE |
| 100 | 0 |
_aChek Mat _96521 |
|
| 245 | 1 | 0 |
_aPenyeliaan berkesan / _cChek Mat |
| 260 |
_aKuala Lumpur : _bUtusan Publications & Distributors, _c2001 |
||
| 300 | 0 | 0 |
_av, 208ms. : _bil. ; _c22cm |
| 650 | 0 |
_aSupervision of employees _95850 |
|
| 650 | 0 |
_aPersonnel management _9602 |
|
| 942 |
_2ddc _cBOOK |
||